000 00505nmm a2200157Ia 4500
008 251105s9999||||xx |||||||||||||||||und||
020 _a9789588371696
041 _aspa
100 _aParra Ortiz, Harold Ferney
245 0 _aCartilla ICA de Bogotá :
_b Impuestos de Industria, Comercio y Avisos. Predial y vehículos
264 _a[Bogotá, Colombia] :
_bNueva Legislacion,
_c2011
300 _a490 páginas
650 _aLaw
856 _uhttps://public.digitaliapublishing.com/a/13605
942 _cCF
999 _c96589
_d96589